| 000 -LEADER |
| fixed length control field |
00384pab a2200145 454500 |
| 008 - FIXED-LENGTH DATA ELEMENTS--GENERAL INFORMATION |
| fixed length control field |
180718b1983 xxu||||| |||| 00| 0 eng d |
| 100 ## - MAIN ENTRY--PERSONAL NAME |
| Personal name |
Grossi, Francisco Vio |
| 245 ## - TITLE STATEMENT |
| Title |
The right kind of support |
| Remainder of title |
Some cautionary advice for NGO in the South |
| 260 ## - PUBLICATION, DISTRIBUTION, ETC. |
| Date of publication, distribution, etc. |
1983 |
| 300 ## - PHYSICAL DESCRIPTION |
| Extent |
23-5 |
| 362 ## - DATES OF PUBLICATION AND/OR SEQUENTIAL DESIGNATION |
| Dates of publication and/or sequential designation |
May-June |
| 650 ## - SUBJECT ADDED ENTRY--TOPICAL TERM |
| Topical term or geographic name entry element |
Social Service - Finance |
| 773 ## - HOST ITEM ENTRY |
| Main entry heading |
Ceres |
| 909 ## - |
| -- |
18276 |